Quick Pick: French Borders Quiz Stats

Quiz Updated Jul 14, 2016

Challenge
Share
Tweet
Embed
Score 0/10 Timer 00:30
3 Plays Today
% Correct
Germany
88.8%
Belgium
86.5%
Spain
84.4%
Luxembourg
81.6%
Italy
73.9%
Monaco
72.8%
Switzerland
71.8%
Andorra
70.4%
Brazil
36.1%
Suriname
32%

Today's Daily Dose

You're not logged in!

Compare scores with friends on all Sporcle quizzes.
Sign Up with Email
OR
Log In

You Might Also Like...

Show Comments

Extras

Top Quizzes Today


Score Distribution

Your Account Isn't Verified!

In order to create a playlist on Sporcle, you need to verify the email address you used during registration. Go to your Sporcle Settings to finish the process.